000 00633nam a2200253Ia 4500
003 OSt
005 20221007065618.0
006 a|||||r|||| 00| 0
007 ta
008 221006b |||||||| |||| 00| 0 eng d
020 _cRs. 100/-
024 _a9,687
037 _cTextual
040 _aFLL
_cFLL
_beng
041 _2eng
_aeng
082 _aZ2,94, N7
100 _aChandra Satish
245 0 _aIndian evidence act
250 _a2nd
260 _aFaridabad
_bAllahabad Law Agency India
_c1997
300 _axi,271p
_ccm.
942 _hZ2,94, N7
_cTEXL
_2CC
999 _c1137819
_d1137819